Go Lyrics- Cat Burns - Statistics

General Stats
  • This quiz has been taken 14 times
  • The average score is 381 of 427
Answer Stats
Answer % Correct
a
100%
again.
100%
anymore.
100%
be
100%
before.
100%
best.
100%
but
100%
But
100%
call
100%
calling
100%
'Cause
100%
do.
100%
done.
100%
don't
100%
end
100%
end.
100%
figure
100%
fucked
100%
go,
100%
go.
100%
Go,
100%
have
100%
how
100%
How
100%
I
100%
is
100%
just
100%
know
100%
know.
100%
like
100%
look
100%
Look
100%
me
100%
never
100%
night
100%
now.
100%
of
100%
on
100%
out.
100%
said
100%
should
100%
So
100%
so.
100%
the
100%
there
100%
This
100%
this
100%
to
100%
up
100%
was
100%
Was
100%
way
100%
what
100%
won't
100%
yesterday
100%
You
100%
you
100%
you.
100%
you'd
100%
your
100%
you've
100%
You've
100%
all
83%
always
83%
and
83%
And
83%
at
83%
bad
83%
drank
83%
feeling
83%
for
83%
friends.
83%
friends
83%
got
83%
hall,
83%
it
83%
leaving
83%
listened
83%
much,
83%
my
83%
number
83%
over
83%
Pack
83%
rest,
83%
Rushed
83%
They
83%
too
83%
Tried
83%
Uni
83%
voicemail
83%
we
83%
were
83%
yourself.
83%
already
67%
case
67%
I'll
67%
in
67%
loud
67%
love
67%
many
67%
place.
67%
shit
67%
sing
67%
times
67%
you're
67%
You're
67%
around?
50%
can
50%
can't
50%
cold.
50%
didn't
50%
get
50%
happen
50%
heart
50%
her
50%
if
50%
one-time
50%
saw
50%
sure
50%
thing.
50%
thinking.
50%
trust
50%
turned
50%
worm
50%
fool,
33%
guess
33%
mean
33%
played
33%
promise
33%
right.
33%
see
33%
That
33%
tryna
33%
when
33%
signs.
17%
Well,
17%
No matching quizzes found
Score Distribution
Percent of People with Each Score
Percentile by Number Answered
Your Score History
You have not taken this quiz